Breaking and entering : (Record no. 738)

MARC details
000 -LEADER
fixed length control field 01502pam a2200349 a 4500
001 - CONTROL NUMBER
control field 3414947
003 - CONTROL NUMBER IDENTIFIER
control field OSt
005 - DATE AND TIME OF LATEST TRANSACTION
control field 20110721122439.0
008 - FIXED-LENGTH DATA ELEMENTS--GENERAL INFORMATION
fixed length control field 901018s1991 cau b 001 0 eng
010 ## - LIBRARY OF CONGRESS CONTROL NUMBER
LC control number 90021366
020 ## - INTERNATIONAL STANDARD BOOK NUMBER
International Standard Book Number 0803940262
020 ## - INTERNATIONAL STANDARD BOOK NUMBER
International Standard Book Number 0803940270
040 ## - CATALOGING SOURCE
Original cataloging agency DLC
Transcribing agency DLC
Modifying agency DLC
043 ## - GEOGRAPHIC AREA CODE
Geographic area code n-us---
050 00 - LIBRARY OF CONGRESS CALL NUMBER
Classification number HV6658
Item number .C77 1991
082 00 - DEWEY DECIMAL CLASSIFICATION NUMBER
Classification number 364.162 CRO
Edition number 20
100 1# - MAIN ENTRY--PERSONAL NAME
Personal name Cromwell, Paul F.
9 (RLIN) 2020
245 10 - TITLE STATEMENT
Title Breaking and entering :
Remainder of title an ethnographic analysis of burglary /
Statement of responsibility, etc by Paul F. Cromwell, James N. Olson, and D'Aunn Wester Avary.
260 ## - PUBLICATION, DISTRIBUTION, ETC. (IMPRINT)
Place of publication, distribution, etc Newbury Park, Calif. :
Name of publisher, distributor, etc Sage Publications,
Date of publication, distribution, etc c1991.
300 ## - PHYSICAL DESCRIPTION
Extent 130 p. ;
Dimensions 23 cm.
440 #0 - SERIES STATEMENT/ADDED ENTRY--TITLE
Title Studies in crime, law, and justice ;
Volume number/sequential designation v. 8
9 (RLIN) 2021
504 ## - BIBLIOGRAPHY, ETC. NOTE
Bibliography, etc Includes bibliographical references (p. 121-124) and indexes.
650 #0 - SUBJECT ADDED ENTRY--TOPICAL TERM
Topical term or geographic name as entry element Burglary
Geographic subdivision United States.
9 (RLIN) 2022
700 1# - ADDED ENTRY--PERSONAL NAME
Personal name Olson, James N.
9 (RLIN) 2023
700 1# - ADDED ENTRY--PERSONAL NAME
Personal name Avary, D'Aunn Wester.
9 (RLIN) 2024
856 42 - ELECTRONIC LOCATION AND ACCESS
Materials specified Publisher description
Uniform Resource Identifier <a href="http://www.loc.gov/catdir/enhancements/fy0655/90021366-d.html">http://www.loc.gov/catdir/enhancements/fy0655/90021366-d.html</a>
856 41 - ELECTRONIC LOCATION AND ACCESS
Materials specified Table of contents only
Uniform Resource Identifier <a href="http://www.loc.gov/catdir/enhancements/fy0655/90021366-t.html">http://www.loc.gov/catdir/enhancements/fy0655/90021366-t.html</a>
906 ## - LOCAL DATA ELEMENT F, LDF (RLIN)
a 7
b cbc
c orignew
d 1
e ocip
f 19
g y-gencatlg
942 ## - ADDED ENTRY ELEMENTS (KOHA)
Source of classification or shelving scheme Dewey Decimal Classification
Koha item type Books
Holdings
Withdrawn status Lost status Source of classification or shelving scheme Damaged status Not for loan Home library Current library Shelving location Date acquired Total Checkouts Full call number Barcode Date last seen Price effective from Koha item type
    Dewey Decimal Classification     Law Development Centre Main Library Law Development Centre Main Library Text Books and Laws 04/28/2011   364.162 CRO 2011/2497 04/28/2011 04/28/2011 Books